| 000 | 00357nam a2200145Ia 4500 | ||
|---|---|---|---|
| 008 | 230917s9999||||xx |||||||||||||| ||und|| | ||
| 040 |
_e203761 _aMAIN |
||
| 041 | _aEnglish | ||
| 082 | _a869.3 C65M | ||
| 100 | _aCoelho, Paulo | ||
| 245 | 0 | _aManual of the warrior of light | |
| 260 |
_aNoida _bHarper Collins _c2003 |
||
| 300 | _axv, 278 p. | ||
| 942 | _cBK | ||
| 999 |
_c174062 _d174062 |
||